The winning way 2.0 : (Record no. 155286)

MARC details
000 -LEADER
fixed length control field 00665nam a22002057a 4500
005 - DATE AND TIME OF LATEST TRANSACTION
control field 20180803112325.0
010 ## - LCCN (DPL NO)
LC control number Eng-123804
020 ## - INTERNATIONAL STANDARD BOOK NUMBER
International Standard Book Number 9789386224781
Terms of availability 299.00
035 ## - SYSTEM CONTROL NUMBER
System control number EN-107336
037 ## - SOURCE OF ACQUISITION
Source of stock number/acquisition DBAD/PUB
082 ## - DEWEY DECIMAL CLASSIFICATION NUMBER
Classification number 796.358
100 ## - MAIN ENTRY--PERSONAL NAME
Personal name Bhogle, Anita
245 ## - TITLE STATEMENT
Title The winning way 2.0 :
Statement of responsibility, etc by Anita Bhogle [and] Harsha Bhogle
Remainder of title learnings from sport for managers /
260 ## - PUBLICATION, DISTRIBUTION, ETC. (IMPRINT)
Place of publication, distribution, etc New Delhi
Name of publisher, distributor, etc Westland Publications Ltd.
Date of publication, distribution, etc 2017
270 ## - ADDRESS
Address 93, Ist Floor, Sham Lal Road, Daryaganj,
City New Delhi
Postal code 110002
300 ## - PHYSICAL DESCRIPTION
Extent 278p.
Dimensions 21cm. (pbk)
500 ## - GENERAL NOTE
General note It includes notes
700 ## - ADDED ENTRY--PERSONAL NAME
Personal name Bhogle, Harsha
942 ## - ADDED ENTRY ELEMENTS (KOHA)
Source of classification or shelving scheme Dewey Decimal Classification
Item type English Books
Classification part 796.358
Call number suffix BHO
Holdings
Withdrawn status Lost status Not for loan Collection code Home library Current library Date acquired Source of acquisition Cost, normal purchase price Full call number Barcode Copy number Cost, replacement price Koha item type
      Non-fiction Shahdara Branch Shahdara Branch 01/08/2018 DBAD/PUB 299.00 796.358 BHO EN-107336 1 299.00 English Books

© Delhi Public Library
Hit Counter
free hit counter